| 000 | 00734nam a2200229Ia 4500 | ||
|---|---|---|---|
| 005 | 20250425162529.0 | ||
| 008 | 250425s9999 xx 000 0 und d | ||
| 020 | _a9789978993217 | ||
| 041 | _aspa | ||
| 082 | _a333.716 | ||
| 100 | _aELBERTS, JORG | ||
| 245 | 0 | _aLAS ÁREAS PROTEGIDAS DE AMÉRICA LATINA: SITUACIÓN ACTUAL Y PERSPECTIVAS PARA EL FUTURO | |
| 250 | _a1A ED. | ||
| 260 |
_aEcuador _bECUADOR. MINISTERIO DEL AMBIENTE _c2011 |
||
| 260 |
_aS.L. _bUNIÓN INTERNACIONAL PARA LA CONSERVACIÓN DE LA NATURALEZA Y DE LOS RECURSOS NATURALES. UICN |
||
| 300 | _a227 | ||
| 650 | _aAMERICA LATINA-CONDICIONES | ||
| 650 | _aAREAS NATURALES PROTEGIDAS | ||
| 650 | _aRECURSOS NATURALES | ||
| 942 | _c01 | ||
| 010 | _a82151 | ||
| 999 |
_c231107 _d231107 |
||